ICE to launch first standard term service contract (Record no. 70388)
[ view plain ]
| 000 -LEADER | |
|---|---|
| fixed length control field | 01100cam a2200217 4500 |
| 001 - CONTROL NUMBER | |
| control field | WB3820-03 |
| 008 - FIXED-LENGTH DATA ELEMENTS--GENERAL INFORMATION | |
| fixed length control field | 020529n2002 000 0 eng u |
| 035 ## - SYSTEM CONTROL NUMBER | |
| System control number | (Sirsi) u118206 |
| 245 ## - TITLE STATEMENT | |
| Title | ICE to launch first standard term service contract |
| 260 ## - PUBLICATION, DISTRIBUTION, ETC. | |
| Date of publication, distribution, etc. | 2002 |
| 490 ## - SERIES STATEMENT | |
| Series statement | New Civil Engineer |
| Volume/sequential designation | 23 May 2002, 15(1) |
| 520 ## - SUMMARY, ETC. | |
| Summary, etc. | The Institution of Civil Engineers (ICE) is to launch the first contract specifically for work carried out under framework agreements. The consultative edition of the "NEC term service contract (TSC)" will be launched 30 May 2002. The first edition proper is due for publication in January 2003, including changes to be made in the third edition of the "NEC engineering construction contract", scheduled for late autumn. The consultative document can be downloaded for free at www.newengineeringcontract.com |
| 590 ## - LOCAL NOTE (RLIN) | |
| Local note | WB |
| 650 ## - SUBJECT ADDED ENTRY--TOPICAL TERM | |
| Topical term or geographic name entry element | ICE |
| 650 ## - SUBJECT ADDED ENTRY--TOPICAL TERM | |
| Topical term or geographic name entry element | FRAMEWORK AGREEMENTS |
| 650 ## - SUBJECT ADDED ENTRY--TOPICAL TERM | |
| Topical term or geographic name entry element | ENGINEERING CONTRACTS |
| 650 ## - SUBJECT ADDED ENTRY--TOPICAL TERM | |
| Topical term or geographic name entry element | TERM SERVICE CONTRACTS |
| 650 ## - SUBJECT ADDED ENTRY--TOPICAL TERM | |
| Topical term or geographic name entry element | NEW ENGINEERING CONTRACT |
| 690 ## - LOCAL SUBJECT ADDED ENTRY--TOPICAL TERM (OCLC, RLIN) | |
| Topical term or geographic name as entry element | BUILT ENVIRONMENT-BUILDING CONTRACT FORMS |
| 942 ## - ADDED ENTRY ELEMENTS (KOHA) | |
| Suppress in OPAC | 0 |
| Withdrawn status | Lost status | Source of classification or shelving scheme | Damaged status | Not for loan | Home library | Current library | Shelving location | Date acquired | Total Checkouts | Full call number | Barcode | Date last seen | Copy number | Price effective from | Koha item type |
|---|---|---|---|---|---|---|---|---|---|---|---|---|---|---|---|
| Dewey Decimal Classification | London | London | News article | 29/05/2002 | WB3820-03 | 118206-1001 | 06/08/2019 | 1 | 06/08/2019 | News article |